Human aspects in computing : design and use of interactive systems and work with terminals
Αποθηκεύτηκε σε:
| Συγγραφή απο Οργανισμό/Αρχή: | |
|---|---|
| Άλλοι συγγραφείς: | |
| Μορφή: | Βιβλίο |
| Γλώσσα: | English |
| Δημοσίευση: |
Amsterdam, London :
Elsevier,
1991
|
| Σειρά: | Advances in human factors/ergonomics ;
; v.18A,18B |
| Θέματα: | |
| Ετικέτες: |
Προσθήκη ετικέτας
Δεν υπάρχουν, Καταχωρήστε ετικέτα πρώτοι!
|
MARC
| LEADER | 00000nam a2200000 i 4500 | ||
|---|---|---|---|
| 001 | 1/62201 | ||
| 008 | 960531s1991 eng d | ||
| 020 | |a 044488775X | ||
| 035 | |l 10029029 | ||
| 040 | |a GR-MY-UA |b gre |e aacr | ||
| 041 | 0 | |a eng | |
| 082 | 0 | |a 620.004250285 | |
| 110 | 2 | |a IAT. | |
| 245 | 1 | 0 | |a Human aspects in computing : |b design and use of interactive systems and work with terminals / |c Edited by:Hans-Jorg Bullinger, IAT |
| 260 | |a Amsterdam, London : |b Elsevier, |c 1991 | ||
| 490 | 1 | |a Advances in human factors/ergonomics |v ; v.18A,18B | |
| 500 | |a Includes references and index | ||
| 500 | |a Proceedings of the fourth international conference on human-computer interaction,Stuttgart,F.R.Germany,September 1-6,1991 | ||
| 650 | 0 | 0 | |a Computer-aided design. |
| 650 | 0 | 0 | |a Human-machine systems |x Psychological aspects. |
| 650 | 0 | 0 | |a Work environment. |
| 700 | 1 | |a Bullinger, H.-J. |q (Hans-Jorg) |4 edt | |
| 830 | 0 | |a Advances in human factors/ergonomics ; |v ; v.18A,18B | |
| 852 | |a INST |b CHIOS |e 19960531 |h 620.004250285 HUM |p 005200004171 |q 005200004171 |t BK |y 0 |z v.1 | ||
| 852 | |a INST |b CHIOS |e 19960531 |h 620.004250285 HUM |p 005200004172 |q 005200004172 |t BK |y 0 |z v.2 | ||
| 852 | |a INST |b CHIOS |e 19960531 |h 620.004250285 HUM |p 005200004171 |q 005200004171 |t BK |v v.1: |y 0 |z v.1 | ||
| 852 | |a INST |b CHIOS |e 19960531 |h 620.004250285 HUM |p 005200004172 |q 005200004172 |t BK |v v.2: |y 0 |z v.2 | ||
| 853 | |a INST |b CHIOS |h 620.004250285 HUM | ||
| 909 | |a Χ |b 026954 | ||
| 909 | |a Χ |b 026955 | ||